[Event "3rd Gujarat GM Open 2022"]
[Site "Ahmedabad"]
[Date "2022.04.07"]
[Round "10.10"]
[White "Raahul V S"]
[Black "Ayush Sharma"]
[Result "1-0"]
[WhiteElo "2478"]
[BlackElo "2302"]
[Annotator "TA"]
[PlyCount "97"]
[EventDate "2022.03.31"]
[EventType "swiss"]
[EventCountry "IND"]
[SourceTitle "playchess.com"]
[Source "ChessBase"]
[SourceQuality "1"]
[TimeControl "5400+30"]

{[%evp 58,97,136,105,113,81,199,204,287,294,303,285,296,292,264,250,338,331,394,377,427,445,504,466,510,490,865,787,638,770,708,683,928,885,885,676,555,402,473,418,1171,1146]} 1. d4 {[%emt 0:04:57]} Nf6 {[%emt 0:03:45]} 2. c4 {[%emt 0:00:19]} e6 {[%emt 0:00:10]} 3. Nc3 {[%emt 0:00:09]} Bb4 {[%emt 0:00:20]} 4. e3 {[%emt 0:00:26]} O-O {[%emt 0:00:39]} 5. Bd2 {[%emt 0:00:05]} b6 {[%emt 0:00:44]} 6. Nf3 {[%emt 0:00:06]} Bb7 {[%emt 0:00:02]} 7. Bd3 {[%emt 0:00:05]} c5 {[%emt 0:01:10]} 8. O-O {[%emt 0:06:40]} d5 {[%emt 0:03:45]} 9. cxd5 {[%emt 0:01:25]} exd5 {[%emt 0:02:25]} 10. Rc1 {[%emt 0:02:43]} Ne4 {[%emt 0:02:29]} 11. Be1 {[%emt 0:06:45]} Nd7 {[%emt 0:02:12]} 12. dxc5 {[%emt 0:07:50]} bxc5 {[%emt 0:01:28]} 13. Qc2 {[%emt 0:02:47]} Ndf6 {[%emt 0:05:04]} 14. Na4 {[%emt 0:06:03]} Rc8 {[%emt 0:07:47]} 15. Nd2 {[%emt 0:14:04]} Nxd2 {[%emt 0:12:00]} 16. Bxd2 {[%emt 0:00:02]} d4 {[%emt 0:00:42]} 17. Rfd1 {[%emt 0:07:22]} Re8 {[%emt 0:21:12]} 18. Bf5 {[%emt 0:01:34]} Be4 {[%emt 0:04:50]} 19. Bxe4 {[%emt 0:00:24]} Nxe4 {[%emt 0:00:02]} 20. Bxb4 {[%emt 0:00:28]} cxb4 {[%emt 0:01:00]} 21. Qxc8 {[%emt 0:00:33]} Qxc8 {[%emt 0:00:06]} 22. Rxc8 {[%emt 0:00:02]} Rxc8 {[%emt 0:00:01]} 23. f3 {[%emt 0:00:30]} Nf6 {[%emt 0:07:53]} 24. Rxd4 {[%emt 0:00:45]} a5 {[%emt 0:00:03]} 25. Kf2 {[%emt 0:03:17]} Rc2+ {[%emt 0:00:40]} 26. Ke1 {[%emt 0:00:23]} h5 {[%emt 0:02:39]} 27. Rd2 {[%emt 0:00:11]} Rc1+ {[%emt 0:00:01]} 28. Ke2 {[%emt 0:00:10]} h4 {[%emt 0:01:14]} 29. b3 {[%emt 0:04:36]} g5 {[%emt 0:01:10]} 30. h3 {[%emt 0:00:49]} Kg7 {[%emt 0:01:56]} 31. Nb2 {[%emt 0:02:32]} Nh5 {[%emt 0:00:02] [#]} (31... Rc3 $16 {is a better defense.}) 32. Kd3 $1 $18 {[%emt 0:01:37]} Ng3 {[%emt 0:05:34]} (32... Rc3+ $142 33. Kd4 Ng3) 33. Rc2 $18 {[%emt 0:01:52]} Ra1 {[%emt 0:03:19]} 34. Nc4 {[%emt 0:00:02]} Rd1+ {[%emt 0:01:10]} 35. Rd2 {[%emt 0:00:01]} Rc1 {[%emt 0:00:01]} 36. e4 {[%emt 0:02:00]} ({Weaker is} 36. Nxa5 Rc3+ 37. Kd4 Nf5+ 38. Kd5 Nxe3+ 39. Kd6 Nf5+ 40. Kd7 Rc5 $16) 36... Nh5 {[%emt 0:02:18]} 37. Kd4 {[%emt 0:00:08]} ({Less strong is} 37. Nxa5 Nf4+ 38. Kd4 Rg1 $16) 37... Nf4 {[%emt 0:00:12]} 38. Kc5 {[%emt 0:00:11]} f5 {[%emt 0:02:31]} 39. exf5 {[%emt 0:02:49]} Rg1 {[%emt 0:01:45]} 40. Ne3 {[%emt 0:00:24]} Re1 {[%emt 0:00:02]} 41. Ng4 {[%emt 0:01:24]} Rg1 {[%emt 0:00:35]} (41... Re2 $142 42. f6+ Kf7 43. Rd7+ Kg8 44. Nh6+ Kh8) 42. Rd7+ {[%emt 0:00:29]} Kf8 {[%emt 0:00:34]} 43. f6 {[%emt 0:00:45]} Re1 {[%emt 0:01:26]} 44. Nh6 {[%emt 0:00:39]} Re6 {[%emt 0:00:27]} 45. Rd8+ {[%emt 0:01:22]} Re8 {[%emt 0:00:01]} 46. Rd6 {[%emt 0:00:41]} Nxg2 {[%emt 0:01:38]} 47. f7 {[%emt 0:00:09]} Rc8+ {[%emt 0:00:01]} 48. Kb6 {[%emt 0:00:05]} Nf4 {[%emt 0:00:08]} (48... Kg7 $142 49. Nf5+ (49. Kxa5 Nf4 $16) 49... Kxf7) 49. Kb7 {[%emt 0:00:10]} 1-0

[Event "3rd Gujarat GM Open 2022"]
[Site "Ahmedabad"]
[Date "2022.04.07"]
[Round "10.11"]
[White "Sidhant, Mohapatra"]
[Black "Mirzoev, Azer"]
[Result "1/2-1/2"]
[WhiteElo "2359"]
[BlackElo "2468"]
[Annotator "TA"]
[PlyCount "61"]
[EventDate "2022.03.31"]
[EventType "swiss"]
[EventCountry "IND"]
[SourceTitle "playchess.com"]
[Source "ChessBase"]
[SourceQuality "1"]
[TimeControl "5400+30"]

{[%evp 18,61,16,22,24,0,7,7,4,5,6,0,6,0,0,0,0,0,0,0,0,0,0,0,0,0,0,0,6,0,0,0,11,0,0,0,0,0,0,0,0,0,0,0,0,0]} 1. e4 {[%emt 1:31:00]} e5 {[%emt 1:31:00]} 2. Nf3 {[%emt 0:00:30]} Nc6 {[%emt 0:00:30]} 3. Bb5 {[%emt 0:00:30]} Nf6 {[%emt 0:00:30]} 4. O-O {[%emt 0:00:30][%cal Bh1f1,Bf1e1,Be1e5][%mdl 32]} Nxe4 {[%emt 0:00:30]} 5. Re1 {[%emt 0:00:30]} Nd6 6. Nxe5 {[%emt 0:00:30]} Be7 {[%emt 0:01:00]} 7. Bf1 {[%emt 0:00:30]} Nxe5 {[%emt 0:00:30]} 8. Rxe5 {[%emt 0:00:30]} O-O {[%emt 0:00:30]} 9. d4 {[%emt 0:00:30]} Bf6 {[%emt 0:00:30]} 10. Re1 {[%emt 0:00:30]} Re8 {[%emt 0:00:30] C67: Ruy Lopez: Berlin Defence: 4 0-0 Nxe4.} 11. Rxe8+ {[%emt 0:00:30]} Nxe8 {[%emt 0:00:30] The position is equal.} 12. c3 {[%emt 0:00:30]} d5 {[%emt 0:00:30]} 13. Nd2 {[%emt 0:00:30]} c6 {[%emt 0:00:30] [#]} 14. h3 $146 {[%emt 0:00:30]} ({Predecessor:} 14. Nf3 Bg4 15. Be2 Nd6 16. Bf4 Nc4 17. Qc2 Qd7 18. Bxc4 dxc4 19. Ne5 Bxe5 20. Bxe5 {½-½ (76) Murzin,V (2519)-Hovhannisyan,R (2643) Warsaw 2021}) 14... Nd6 {[%emt 0:00:30]} 15. Bd3 {[%emt 0:00:30]} Bf5 {[%emt 0:00:30]} 16. Bxf5 {[%emt 0:00:30]} Nxf5 {[%emt 0:00:30]} 17. Nf3 {[%emt 0:00:30][%cal Bd2f3,Bf3e1,Be1d3][%mdl 32]} Qb6 {[%emt 0:00:30]} 18. Qc2 {[%emt 0:00:30]} g6 {[%emt 0:00:30]} 19. Bf4 {[%emt 0:00:30]} Re8 {[%emt 0:00:30]} 20. Re1 {[%emt 0:00:30]} Rxe1+ {[%emt 0:00:30]} 21. Nxe1 {[%emt 0:00:30]} Qd8 {[%emt 0:00:30]} 22. Qe2 {[%emt 0:00:30]} Qe7 {[%emt 0:00:30]} 23. Qxe7 {[%emt 0:00:30]} Bxe7 $11 {[%emt 0:00:30][%mdl 4096] Endgame KBN-KBN} 24. Nd3 {[%emt 0:00:30]} Bd6 {[%emt 0:00:30]} 25. Bxd6 {[%emt 0:00:30]} Nxd6 {[%emt 0:00:30] KN-KN} 26. Kf1 {[%emt 0:00:30]} f6 {[%emt 0:00:30]} 27. Ke2 {[%emt 0:00:30]} Kf7 {[%emt 0:00:30]} 28. f3 {[%emt 0:00:30]} Ke7 {[%emt 0:00:30]} 29. g4 {[%emt 0:00:30]} b6 {[%emt 0:00:30]} 30. b3 {[%emt 0:00:30]} a5 {[%emt 0:00:30]} 31. h4 {[%emt 0:00:30] An uneventful encounter.  Weighted Error Value: White=0.03 (flawless) /Black=0.02 (flawless)} 1/2-1/2

[Event "3rd Gujarat GM Open 2022"]
[Site "Ahmedabad"]
[Date "2022.04.07"]
[Round "10.12"]
[White "Saravana, Krishnan P."]
[Black "Krishna C R G"]
[Result "0-1"]
[WhiteElo "2340"]
[BlackElo "2466"]
[Annotator "TA"]
[PlyCount "79"]
[EventDate "2022.03.31"]
[EventType "swiss"]
[EventCountry "IND"]
[SourceTitle "playchess.com"]
[Source "ChessBase"]
[SourceQuality "1"]
[TimeControl "5400+30"]

{[%evp 46,79,16,19,47,22,22,11,16,14,17,3,5,0,-6,-217,-216,-340,-329,-572,-568,-735,-629,-586,-324,-316,-308,-302,-314,-321,-319,-314,-311,-309,-288,-273]} 1. e4 {[%emt 1:31:00]} c5 {[%emt 1:31:00]} 2. Nf3 {[%emt 0:00:30]} e6 {[%emt 0:00:30]} 3. d4 {[%emt 0:00:30]} cxd4 {[%emt 0:00:30]} 4. Nxd4 {[%emt 0:00:30]} a6 {[%emt 0:00:30]} 5. Bd3 {[%emt 0:00:30]} Nf6 {[%emt 0:00:30]} 6. Qe2 {[%emt 0:00:30]} Qb6 {[%emt 0:00:30]} 7. Nf3 {[%emt 0:00:30]} d6 {[%emt 0:00:30]} 8. b3 {[%emt 0:00:30]} g6 {[%emt 0:00:30]} 9. Bb2 {[%emt 0:00:30]} Bg7 {[%emt 0:00:30]} 10. Nbd2 {[%emt 0:00:30]} O-O {[%emt 0:00:30]} 11. Nc4 {[%emt 0:00:30]} Qd8 {[%emt 0:00:30]} 12. O-O {[%emt 0:00:30]} d5 {[%emt 0:00:30]} 13. Nce5 {[%emt 0:00:30]} Nh5 {[%emt 0:00:30]} 14. exd5 {[%emt 0:00:30]} exd5 {[%emt 0:00:30]} 15. Qd2 {[%emt 0:00:30]} Qc7 {[%emt 0:00:30]} 16. Rfe1 {[%emt 0:00:30]} Bg4 {[%emt 0:00:30]} 17. c4 {[%emt 0:00:30]} Bxf3 {[%emt 0:00:30]} 18. Nxf3 {[%emt 0:00:30]} dxc4 {[%emt 0:00:30]} 19. Bxg7 {[%emt 0:00:30]} Kxg7 {[%emt 0:00:30]} 20. Bxc4 {[%emt 0:00:30]} Nc6 {[%emt 0:00:30]} 21. Qb2+ {[%emt 0:00:30]} Kg8 {[%emt 0:00:30]} 22. g3 {[%emt 0:00:30]} Rad8 {[%emt 0:00:30]} 23. Rad1 {[%emt 0:00:30]} Rxd1 {[%emt 0:00:30]} 24. Rxd1 {[%emt 0:00:30]} Qe7 {[%emt 0:00:30]} 25. Kg2 {[%emt 0:00:30]} (25. Qc1 $5 {[%cal Rc4a6]}) 25... Nf6 {[%emt 0:00:30]} 26. Qc1 {[%emt 0:00:30]} Rd8 {[%emt 0:00:30]} 27. Re1 {[%emt 0:00:30]} Qd6 {[%emt 0:00:30]} 28. Re2 {[%emt 0:00:30]} Kg7 {[%emt 0:00:30]} 29. Qc3 {[%emt 0:00:30]} b5 {[%emt 0:00:30]} 30. g4 $2 {[%emt 0:00:30]} (30. Rd2 $2 Qc5 31. Rc2 (31. Rxd8 $2 Nxd8 32. Qe5 Qxe5 $19) 31... bxc4 $19) (30. Be6 $1 $11 {and White stays safe.}) 30... h6 $19 {[%emt 0:00:30]} (30... bxc4 31. g5 $17) 31. g5 {[%emt 0:00:30]} (31. h4 {only move.} Qb4 32. Qxb4 Nxb4 33. a3 (33. g5 $2 Nh5 $19)) 31... hxg5 $19 {[%emt 0:00:30]} ({Weaker is} 31... bxc4 32. Rd2 Qe7 33. Rxd8 Nxd8 34. gxf6+ Qxf6 35. Qxc4 $11) 32. Be6 $2 {[%emt 0:00:30]} (32. Bxf7 {was the only chance.} Kxf7 33. Nxg5+ Kg8 34. Qg3) 32... b4 $19 {[%emt 0:00:30]} 33. Qe1 {[%emt 0:00:30]} fxe6 {[%emt 0:00:30]} 34. Rxe6 {[%emt 0:00:30]} Qd5 {[%emt 0:00:30]} 35. Rxc6 {[%emt 0:00:30]} Qxc6 {[%emt 0:00:30]} 36. Qe7+ {[%emt 0:00:30]} Kh6 {[%emt 0:00:30]} 37. Qxd8 {[%emt 0:00:30]} g4 {[%emt 0:00:30]} 38. Qf8+ {[%emt 0:00:30]} Kh7 {[%emt 0:00:30]} 39. Qf7+ {[%emt 0:00:30] [#]} Kh8 $1 {[%emt 0:00:30]} ({Not} 39... Kh6 $2 40. Qf8+ Kh7 41. Qf7+ Kh8 42. Qf8+ Kh7) 40. Qf8+ {[%emt 0:00:30]} 0-1

[Event "3rd Gujarat GM Open 2022"]
[Site "Ahmedabad"]
[Date "2022.04.07"]
[Round "10.13"]
[White "Sangma, Rahul"]
[Black "Neelash Saha"]
[Result "0-1"]
[WhiteElo "2286"]
[BlackElo "2445"]
[Annotator "TA"]
[PlyCount "168"]
[EventDate "2022.03.31"]
[EventType "swiss"]
[EventCountry "IND"]
[SourceTitle "playchess.com"]
[Source "ChessBase"]
[SourceQuality "1"]
[TimeControl "5400+30"]

{[%evp 113,168,-10,-10,-10,-10,-10,-8,-8,-8,-8,-8,-45,-8,-31,-16,-35,-29,-112,-113,-165,-165,-1326,-1175,-1030,0,0,0,0,0,0,0,0,-8,-4582,-3019,-1264,-208,-208,-8,-29962,-29966,-29971,-29972,-29973,-29974,-29976,-29977,-29977,-29978,-29980,-29981,-29981,-29982,-29982,-29983,-29982,-29983]} 1. c4 {[%emt 0:03:19]} e6 {[%emt 0:09:23]} 2. Nf3 {[%emt 0:00:12]} Nf6 {[%emt 0:00:07]} 3. Nc3 {[%emt 0:00:39]} d5 {[%emt 0:00:08]} 4. e3 {[%emt 0:00:03]} Be7 {[%emt 0:00:17]} 5. b3 {[%emt 0:00:22]} c5 {[%emt 0:00:36]} 6. Bb2 {[%emt 0:00:18]} O-O {[%emt 0:00:53]} 7. d4 {[%emt 0:04:13]} Nc6 {[%emt 0:00:36]} 8. dxc5 {[%emt 0:12:07]} Bxc5 {[%emt 0:01:11]} 9. cxd5 {[%emt 0:05:07]} Nxd5 {[%emt 0:00:16]} 10. Nxd5 {[%emt 0:00:03]} exd5 {[%emt 0:00:06]} 11. a3 {[%emt 0:00:09]} Bg4 {[%emt 0:03:48]} 12. Be2 {[%emt 0:00:03]} d4 {[%emt 0:02:14]} 13. Bxd4 {[%emt 0:15:00]} Nxd4 {[%emt 0:01:47]} 14. Nxd4 {[%emt 0:00:38]} Bxd4 {[%emt 0:00:10]} 15. Qxd4 {[%emt 0:00:11]} Qxd4 {[%emt 0:00:20]} 16. exd4 {[%emt 0:00:02]} Rfe8 {[%emt 0:00:05]} 17. f3 {[%emt 0:01:36]} Be6 {[%emt 0:00:15]} 18. Rb1 {[%emt 0:08:58]} Rad8 {[%emt 0:00:33]} 19. Kf2 {[%emt 0:01:14]} Rxd4 {[%emt 0:01:03]} 20. Rhd1 {[%emt 0:00:46]} Rxd1 {[%emt 0:00:10]} 21. Bxd1 {[%emt 0:00:02]} Rc8 {[%emt 0:00:10]} 22. Rb2 {[%emt 0:09:00]} Kf8 {[%emt 0:01:06]} 23. a4 {[%emt 0:05:44]} Ke7 {[%emt 0:01:02]} 24. b4 {[%emt 0:00:57]} Rc4 {[%emt 0:01:17]} 25. Ke3 {[%emt 0:04:13]} Kd6 {[%emt 0:01:19]} 26. f4 {[%emt 0:01:11]} Bd5 {[%emt 0:03:10]} 27. g3 {[%emt 0:01:59]} Rc3+ {[%emt 0:00:25]} 28. Kd4 {[%emt 0:00:36]} Rc1 {[%emt 0:02:07]} 29. Bb3 {[%emt 0:06:43]} Bxb3 {[%emt 0:00:37]} 30. Rxb3 {[%emt 0:00:02]} b6 {[%emt 0:00:07]} 31. Ra3 {[%emt 0:01:42]} h5 {[%emt 0:01:31]} 32. b5 {[%emt 0:00:58]} Rd1+ {[%emt 0:02:39]} 33. Ke4 {[%emt 0:04:20]} Rc1 {[%emt 0:00:37]} 34. Rd3+ {[%emt 0:02:10]} Ke6 {[%emt 0:00:13]} 35. f5+ {[%emt 0:02:31]} Kf6 {[%emt 0:00:14]} 36. Rd6+ {[%emt 0:00:01]} Ke7 {[%emt 0:00:06]} 37. Rd4 {[%emt 0:00:19]} Rc2 {[%emt 0:08:18]} 38. h4 {[%emt 0:00:43]} Rc3 {[%emt 0:01:29]} 39. Kf4 {[%emt 0:00:59]} f6 {[%emt 0:00:30]} 40. Re4+ {[%emt 0:04:45]} Kf8 {[%emt 0:00:55]} 41. Rd4 {[%emt 0:00:10]} Ra3 {[%emt 0:00:07]} 42. Rc4 {[%emt 0:00:29]} Ke8 {[%emt 0:00:12]} 43. Rc7 {[%emt 0:06:40]} Rxa4+ {[%emt 0:00:07]} 44. Kf3 {[%emt 0:00:12]} Kf8 {[%emt 0:00:06]} 45. Rb7 {[%emt 0:00:24]} Kg8 {[%emt 0:01:04]} 46. Ke3 {[%emt 0:00:20]} Kh7 {[%emt 0:00:14]} 47. Kf3 {[%emt 0:00:06]} Kh6 {[%emt 0:00:31]} 48. Ke3 {[%emt 0:00:32]} Ra5 {[%emt 0:01:11]} 49. Ke4 {[%emt 0:00:45]} g6 {[%emt 0:01:55]} 50. fxg6 {[%emt 0:01:17]} Kxg6 {[%emt 0:00:08]} 51. Kf4 {[%emt 0:00:26]} Ra4+ {[%emt 0:00:23]} 52. Kf3 {[%emt 0:00:16]} Kf5 {[%emt 0:00:05]} 53. Rh7 {[%emt 0:00:24]} Ra3+ {[%emt 0:00:16]} 54. Kg2 {[%emt 0:00:01]} Kg6 {[%emt 0:00:35]} 55. Rd7 {[%emt 0:00:05]} Ra5 {[%emt 0:06:46]} 56. Kf3 {[%emt 0:00:03]} Rxb5 {[%emt 0:00:06]} 57. Rxa7 {[%emt 0:00:03]} Kf5 {[%emt 0:00:05]} 58. Re7 {[%emt 0:00:39]} Rb3+ {[%emt 0:00:55]} 59. Kg2 $1 {[%emt 0:00:01]} b5 {[%emt 0:00:39]} 60. Rh7 {[%emt 0:00:15]} Kg6 {[%emt 0:01:38]} 61. Rb7 {[%emt 0:00:01]} b4 {[%emt 0:00:12]} 62. Rb5 {[%emt 0:00:44]} Rb2+ {[%emt 0:03:02]} 63. Kf3 {[%emt 0:00:02]} Rb1 {[%emt 0:00:06]} 64. Kf2 {[%emt 0:00:24]} b3 {[%emt 0:01:10]} 65. Kg2 {[%emt 0:00:02]} (65. Kf3 $11 b2 66. Kg2) 65... f5 $17 {[%emt 0:00:09]} 66. Rb6+ {[%emt 0:00:22]} (66. Kf2 $17) 66... Kf7 $19 {[%emt 0:00:06]} 67. Rb5 $2 {[%emt 0:03:40]} (67. Kf2) 67... Ke6 $19 {[%emt 0:00:06]} 68. Kh2 {[%emt 0:01:07]} Kd6 $2 {[%emt 0:02:18]} (68... Rb2+ $19 69. Kh3 Rb1) 69. Rxf5 $11 {[%emt 0:00:06]} Kc6 {[%emt 0:00:09]} 70. Rf8 $1 {[%emt 0:01:23]} Kc5 {[%emt 0:00:27]} 71. Rc8+ {[%emt 0:00:32]} Kb4 {[%emt 0:01:35]} 72. Rb8+ {[%emt 0:00:05]} Kc3 {[%emt 0:00:14]} 73. Rc8+ $2 {[%emt 0:00:45][%mdl 8192]} (73. g4 $11) 73... Kb2 $1 $19 {[%emt 0:00:10]} 74. Rc5 {[%emt 0:00:06]} Rc1 $2 {[%emt 0:03:25]} (74... Re1 75. Kh3 Ka3 76. Rxh5 b2) 75. Rxh5 $19 {[%emt 0:00:02]} Rc4 $2 {[%emt 0:00:06]} ({Better is} 75... Ka3 $19 {( -> ...b2)} 76. Rb5 b2) 76. Rb5 $2 {[%emt 0:00:49][%mdl 8192]} (76. Re5 $11) 76... Kc3 $1 {[%emt 0:00:14]} 77. h5 {[%emt 0:00:19]} b2 {[%emt 0:00:07]} 78. h6 {[%emt 0:00:06]} Rc6 {[%emt 0:00:17]} 79. g4 {[%emt 0:00:11]} Rxh6+ {[%emt 0:00:29]} 80. Kg3 {[%emt 0:00:05] [#]} Rh1 $1 {[%emt 0:00:40]} 81. g5 {[%emt 0:00:42]} b1=Q {[%emt 0:00:23]} 82. Rxb1 {[%emt 0:00:02]} Rxb1 {[%emt 0:00:06]} 83. Kf4 {[%emt 0:00:02]} Kd4 {[%emt 0:00:06]} 84. Kf5 {[%emt 0:00:03] [#]} Kd5 $1 {[%emt 0:00:04]} 0-1

[Event "3rd Gujarat GM Open 2022"]
[Site "Ahmedabad"]
[Date "2022.04.07"]
[Round "10.14"]
[White "Liyanage, Ranindu Dilshan"]
[Black "Vignesh N R"]
[Result "1/2-1/2"]
[WhiteElo "2340"]
[BlackElo "2444"]
[Annotator "TA"]
[PlyCount "61"]
[EventDate "2022.03.31"]
[EventType "swiss"]
[EventCountry "IND"]
[SourceTitle "playchess.com"]
[Source "ChessBase"]
[SourceQuality "1"]
[TimeControl "5400+30"]

{[%evp 16,61,0,0,0,0,12,0,0,3,17,17,58,49,47,45,52,39,59,9,74,21,20,30,27,25,16,21,20,0,0,0,0,0,0,0,0,0,0,-5,0,0,0,0,0,0,0,0]} 1. e4 {[%emt 1:31:00]} e5 {[%emt 1:31:00]} 2. Nf3 {[%emt 0:00:30]} Nc6 {[%emt 0:00:30]} 3. Bc4 {[%emt 0:00:30]} Bc5 {[%emt 0:00:30]} 4. c3 {[%emt 0:00:30]} Nf6 {[%emt 0:00:30]} 5. d4 {[%emt 0:00:30]} exd4 {[%emt 0:00:30]} 6. cxd4 {[%emt 0:00:30]} Bb4+ {[%emt 0:00:30]} 7. Nbd2 {[%emt 0:00:30]} d5 {[%emt 0:00:30]} 8. exd5 {[%emt 0:00:30]} Nxd5 {[%emt 0:00:30]} 9. O-O {[%emt 0:00:30]} O-O {[%emt 0:00:30]} 10. a3 {[%emt 0:00:30]} Bxd2 {[%emt 0:00:30]} 11. Qxd2 {[%emt 0:00:30]} Bf5 {[%emt 0:00:30]} 12. Re1 {[%emt 0:00:30]} h6 {[%emt 0:00:30]} 13. b4 {[%emt 0:00:30]} Qd6 {[%emt 0:00:30]} 14. b5 {[%emt 0:00:30]} Nce7 {[%emt 0:00:30]} 15. a4 {[%emt 0:00:30]} Rfe8 {[%emt 0:00:30]} 16. Ba3 {[%emt 0:00:30]} Qf6 {[%emt 0:00:30]} 17. Qe2 {[%emt 0:00:30]} (17. Re5 $14 Nb6 18. Bb3) 17... Bg4 {[%emt 0:00:30]} (17... Nf4 $11 18. Qe5 Ned5 19. Qxf6 (19. Qxe8+ Rxe8 20. Rxe8+ Kh7 $11) 19... Nxf6) 18. Qe5 {[%emt 0:00:30]} (18. Qe4 $16 Bxf3 19. Qxf3 (19. gxf3 Nf4 $17) 19... Qxf3 20. gxf3) 18... Bxf3 $11 {[%emt 0:00:30]} 19. Qxf6 {[%emt 0:00:30]} Nxf6 {[%emt 0:00:30]} 20. Rxe7 {[%emt 0:00:30]} Rxe7 {[%emt 0:00:30]} 21. Bxe7 {[%emt 0:00:30]} Bd5 {[%emt 0:00:30]} 22. Bxf6 {[%emt 0:00:30]} Bxc4 {[%emt 0:00:30]} 23. Be5 {[%emt 0:00:30]} c6 {[%emt 0:00:30]} 24. bxc6 {[%emt 0:00:30]} bxc6 {[%emt 0:00:30]} 25. Rb1 {[%emt 0:00:30]} Rd8 {[%emt 0:00:30]} 26. Rb8 {[%emt 0:00:30]} Rxb8 {[%emt 0:00:30]} 27. Bxb8 {[%emt 0:00:30]} a5 {[%emt 0:00:30]} 28. Bc7 {[%emt 0:00:30]} Bb3 {[%emt 0:00:30]} 29. Bxa5 {[%emt 0:00:30]} Bxa4 {[%emt 0:00:30]} 30. f3 {[%emt 0:00:30]} f6 {[%emt 0:00:30]} 31. Kf2 {[%emt 0:00:30]} 1/2-1/2